| 000 | 00828 a2200193 4500 | ||
|---|---|---|---|
| 003 | NUST | ||
| 005 | 20251124181623.0 | ||
| 040 | _cNust | ||
| 082 | _a621.382,SHA | ||
| 100 |
_aShaukat, NC Ubaid Ullah (TCC-19 ) _9131484 |
||
| 245 |
_aVoice encryption of senao sets / _cNC Ubaid Ullah Shaukat, NC Salman Yousaf, NC Tallha Matal and Capt Syed Shabbir |
||
| 260 |
_aRawalpindi _bMCS (NUST) _cAugust 2011 |
||
| 300 | _aix, 46 p.; | ||
| 505 | _aIntroduction (Page-1), Literature Review (Page-4), Proposed Technique and System Design (Page-15), Software Development (Page-25), Hardware Development (Page-30), Analysis and Evolution (Page-39), Conclusion (Page-42), Bibliography (Page-45). | ||
| 650 |
_aUG Projects _998716 |
||
| 651 |
_aTCC-19 _9106901 |
||
| 700 |
_aSupervised by Maj Dr. Adil Masood _9132049 |
||
| 942 |
_cPR _2ddc |
||
| 999 |
_c188981 _d188981 |
||